Регионална библиотека "Любен Каравелов" - Русе

Нефтът в света (Запис номер 163620)

MARC детайли
000 -Лидер
Контролно поле с фиксирана дължина 01557nam a2200325 c 4500
003 - Код на организацията, давaща контролен номер
Контролно поле BLK
005 - Дата и час на последна редакция
Контролно поле 20180422113929.0
008 - Елементи от данни с фиксирана дължина
fixed length control field 180410b bul|||||r ||||||| ||bul||
010 ## - Наследен системен номер
LC control number KNG00171073000
040 ## - Източник на каталожния запис
Идентификатор на билиотеката - собственик на записа BLK
041 ## - Код за език
Код за езика на текст/звукозапис или на отделно заглавие Български
Код за езика КДБФ Български
080 ## - УДК
Текстов определител УДК Производство и услуги по стопански отрасли. Икономика на отделните стопански отрасли. Вж и 334.74
УДК код - определител по УДК 338.4
УДК определител :665.71(100)
УДК - код + определител 338.4:665.71(100)
080 ## - УДК
Текстов определител УДК Процеси и продукти на нефтената промишленост
УДК код - определител по УДК 665.6/.7
УДК определител (100)
УДК - код + определител 665.6/.7(100)
100 1# - Редна дума - Автор
Автор Кръстев, Кръстю Нинов
Авторска отговорност първи автор
R(LIN) 372755
139 ## - Редно поле
Редна дума Кръстев, Кръстю Нинов и др.
Авторски знак Кръ - К 92
245 10 - Сведения за заглавието
Заглавие Нефтът в света
Подзаглавни данни Науч.-попул. очерк
Редно поле (дума) Кръстю Нинов Кръстев; съавт. Христо Нейков Каракашев.
257 ## - Страна на издаване
Страна на създаване/издаване България
260 ## - Област на издателските данни
-- София
Име на издателя, разпространителя и проч. Нар. просв.
Година на издаване 1981
Печатница В. Търново : Д. Найденов
300 ## - Физическа характеристика
Страници 128 с.
Илюстрации и др. с ил.
Размери/Мащаб 17 см
380 ## - Жанр
Жанр Обществени науки
500 ## - Общи забележки
Забележка 2 605 тир. -Библиогр. с. 125-126.
650 #4 - Допълнително описание по предмет – тема
Основно описание – тема или топоним Нефт - борба за него
9 (RLIN) 295235
653 ## - Ключова дума – ненормативна
Ключова дума нефт
700 1# - Други автори (авторска отговорност)
Лично име Каракашев, Христо Нейков
Автороска отговорност (Описва отношението между автора и произведението) съавт.
9 (RLIN) 365384
852 ## - Местоположение
Форматна сигнатура Цб І 18906
856 4# - Електронен адрес и достъп
Електронен формат pdf - файл
Път до файла /url/
856 4# - Електронен адрес и достъп
Електронен формат pdf - файл
Път до файла /url/
942 ## - АРТИКУЛИ
Вид на библиотечния материал Книги
Скрит в OPAC Не
944 ## - СЪЗДАВАНЕ И РЕДАКЦИЯ на ЗАПИСА
Създаване/Редакция Създаване
Дата на регистрацията/редакция 11.02.2015
Статус, дата на статуса 11.02.2015 - от С1,Р / 11.02.2015
Служител, извършил регистрацията/редакцията Кина_Георгиева
944 ## - СЪЗДАВАНЕ И РЕДАКЦИЯ на ЗАПИСА
Създаване/Редакция Редакция
Дата на регистрацията/редакция 11.02.2015
Статус, дата на статуса 11.02.2015 - от С1,Р / 11.02.2015
Служител, извършил регистрацията/редакцията
999 ## - СИСТЕМНИ КОНТРОЛНИ НОМЕРА
Koha biblionumber 163620
Koha biblioitemnumber 163620
Наличности
Код за отписване Код за изгубен артикул Източник на класификационната схема Код за повреда Коз за рестрикции Код за отдаване Артикулен № Име на библиотеката - собственик Име на библиотеката, в която се намира в момента Статус (Текущо местоположение) Дата на вписване в системата Местоположение - отдел Цена в лева Инвентарен номер Систематично азбучна сигнатура Баркод Номер на екземпляра Цена в евро Служебна бележка Служебен тип на артикула
  Не е изгубен Universal Decimal Classification Не е повреден без рестрикции ползва се в читалня 274509 Регионална библиотека "Любен Каравелов" Русе Регионална библиотека "Любен Каравелов" Русе Хранилище 1981-01-01 Хранилище 0.48 330483 Цб І 18906 120000330483 1 0.25 N: стар фонд Дата: 01.01.1981 Книги
Изтеглен Не е изгубен Universal Decimal Classification Не е повреден без рестрикции заемане за дома 274510 Регионална библиотека "Любен Каравелов" Русе Регионална библиотека "Любен Каравелов" Русе Заемна - подръчен фонд 1981-01-01 Заемна - подръчен фонд 0.48 329971 П 338.4/К 92 329971 2 0.25 N: стар фонд Дата: 01.01.1981 Дата инв: 05.02.2018 Бележки инв: П2018 Книги
Vip Innovations Ltd, Rousse, Bulgaria 2025